000 00304 a2200157 4500
001 169696
020 _a
040 _cMagnum
100 _aFerreira, Elita
240 1 0 _aEscravos de jo
_lpor
245 1 0 _aEscravos de jo
362 0 _a1899
440 1 _aBagaço
697 _aJ/GERAL
942 _cBK
999 _c169696
_d169696